| 000 | 02048cam a22004694i 4500 | ||
|---|---|---|---|
| 003 | PE-LiUPU | ||
| 005 | 20250731173117.0 | ||
| 008 | 190716s1993 ilu rb 000 0 spa d | ||
| 020 | _a0842312307 | ||
| 020 | _a9780842312301 | ||
| 035 | _a(Sirsi) a252316 | ||
| 040 |
_aPE-LiUPU _bspa _cPE-LiUPU _erda |
||
| 049 | _aPRUA | ||
| 082 | 0 | 4 |
_a246.7 _bM58 _220 |
| 100 | 1 |
_aMiller, Steve, _eautor. |
|
| 245 | 1 | 4 |
_aThe contemporary christian music debate : _bworldly compromise or agent of renewal? / _cSteve Miller. |
| 264 | 1 |
_aWheaton, Illinois : _bTyndale House publishers, _1993. |
|
| 300 |
_axiv, 261 páginas : _c21 centímetros |
||
| 336 |
_atext _2rdacontent |
||
| 337 |
_aunmediated _2rdamedia |
||
| 338 |
_avolume _2rdacarrier |
||
| 504 | _aBibliografía: páginas 229-261. | ||
| 505 | 0 | _aThe Christian music controversy -- Charges of health threats -- Charges of moral corruption -- Charges of worldliness -- Charges of poor aesthetic quality and a cautioning inner witness -- Charges of bad associations, questionable motives, and dangerous leanings -- The Bible on music -- Biblical principles for musicians and sponsors -- From early chants to reformation songs -- From Psalm singing to hymnody -- What we can learn from history -- The need for an alternative -- Communicating musical convictions to your children -- A Christian alternative -- Taking it to the church -- Taking it to the world. | |
| 526 | _aSEG42 | ||
| 526 | _aSEG41 | ||
| 526 | _aSEG40 | ||
| 526 | _aSEG39 | ||
| 526 | _aP94 | ||
| 526 | _aP87 | ||
| 526 | _aP86 | ||
| 526 | _aP85 | ||
| 526 | _aP77 | ||
| 526 | _aP76 | ||
| 526 | _aP35 | ||
| 650 | 1 | 4 | _aMúsica cristiana comtemporánea. |
| 910 |
_adbm _bjpc _cjpc _d20190716 |
||
| 942 |
_2ddc _cBOOK |
||
| 994 |
_aC0 _bPEPRU |
||
| 596 | _a1 | ||
| 999 |
_a246.7 M58 _wDEWEY _c31544 _i80402 _f2021-11-10 _g3 _lCCODEBUL1 _mBUL _p31.00 _r0 _sY _tBOOK _u2019-7-16 _xTEOLOGIA _PP35 _0DONACION _o.STAFF. Colección Teología _d31544 |
||
| 980 |
_81 _gALBERTO SANCHEZ Responsable de Automatización |
||